Datum a čas kvízu

38.5 Celkem bodů Celkový počet nahraných bodů na tomto kvízu bez doplňovacích otázek.
4. Pořadí na kvízu Konečné umístění týmu na tomto kvízu.

Zaznamenané odpovědi

# Otázka Odpověď Body Výsledky
1. V Olomouci byli minulý týden p... propisku 1
2. Na co je podle šéfky pro zahra... A 1
3. Jakub Hrůša získal minulý týde... dirigent (hudební ředitel) 1
4. Mladoboleslavská automobilka p... Epiq; Peaq 0.5
5. Stáj formule 1 Red Bull minulý... Martin Šonka 1
6. Vaším úkolem v tématu bude odh... červená, žlutá 1
7. Teď se podíváme na domácí fotb... tři 0
8. Pojďme na hokej. Lev v logu BK... zelená 1
9. Na základě zobrazených barev l... Los Angeles Lakers 1
10. Které americké město oslavuje... Pittsburgh 0